000 00544nam a2200181Ia 4500
001 7805
005 20260306160522.0
008 260306t2007||||xx |||||||||||||| ||spa||
041 _aESP
082 _a362.2902
_bD64
100 _aComisión Nacional para el Desarrollo y Vida sin Drogas
_eAUT
245 0 _aManual para la prevención del consumo de drogas:
_bProyecto descentralización de políticas de drogas en los países andinos Perú
260 _c2007
300 _a
_c
650 _aGEN
654 _aCPS
942 _cLIB
_dJUS
_fJUS
_2ddc
_n
999 _c7805
_d7805